书目信息 |
| 题名: |
国际知名品牌中国市场全攻略
|
|
| 作者: | 杨明刚 编著 | |
| 分册: | ||
| 出版信息: | 上海 华东理工大学出版社 2003.12 |
|
| 页数: | 407页 | |
| 开本: | 23cm | |
| 丛书名: | ||
| 单 册: | ||
| 中图分类: | F279.1 | |
| 科图分类: | ||
| 主题词: | 企业管理--qi ye guan li--市场营销学--个案研究--世界 | |
| 电子资源: | ||
| ISBN: | 7-5628-1466-X | |
| 000 | 00882nam0 2200229 450 | |
| 001 | 012008068810 | |
| 005 | 20080220090518.75 | |
| 010 | @a7-5628-1466-X@dCNY38.00 | |
| 100 | @a20080130d2003 em y0chiy0120 ea | |
| 101 | 0 | @achi |
| 102 | @aCN@b310000 | |
| 105 | @aac z 000yy | |
| 106 | @ar | |
| 200 | 1 | @a国际知名品牌中国市场全攻略@Aguo ji zhi ming pin pai zhong guo shi chang quan gong lue@f杨明刚编著@Fyang ming gang bian zhu |
| 210 | @a上海@c华东理工大学出版社@d2003.12 | |
| 215 | @a407页@c图, 肖像@d23cm | |
| 330 | @a本书精选了国际知名品牌创新营销中国案例40个。涉及热门行业、新兴产业,如IT页的思科、甲骨文等计算机品牌的个案;支柱行业、制造业;食品业、零售业、金融业等。 | |
| 606 | 0 | @a企业管理@Aqi ye guan li@x市场营销学@x个案研究@y世界 |
| 690 | @aF279.1@v4 | |
| 701 | 0 | @a杨明刚@Ayang ming gang@4编著 |
| 801 | 0 | @aCN@bQSSK@c20080220 |
| 905 | @b281116-17@dF279.1@eY231@f2 | |
| 国际知名品牌中国市场全攻略/杨明刚编著.-上海:华东理工大学出版社,2003.12 |
| 407页:图, 肖像;23cm |
| ISBN 7-5628-1466-X:CNY38.00 |
| 本书精选了国际知名品牌创新营销中国案例40个。涉及热门行业、新兴产业,如IT页的思科、甲骨文等计算机品牌的个案;支柱行业、制造业;食品业、零售业、金融业等。 |
| ● |
| 相关链接 |
|
|
|
正题名:国际知名品牌中国市场全攻略
索取号:F279.1/Y231
 
预约/预借
| 序号 | 登录号 | 条形码 | 馆藏地/架位号 | 状态 | 备注 |
| 1 | 281116 | 202811163 | 社科库409/409社科库 97排2列5层/ [索取号:F279.1/Y231] | 在馆 | |
| 2 | 281117 | 202811172 | 社科库409/409社科库 97排2列5层/ [索取号:F279.1/Y231] | 在馆 |